000 00688nam a2200241Ia 4500
003 OSt
005 20260218103740.0
008 210210b2008 xxu||||| |||| 00| 0 eng d
020 _a8188554294
040 _cAL
041 _aHindi
082 _aH891.4 SAMU
100 _aSAMOREKAR (Parbath Simha)
_d समोरेकर (परबत सिंह)
_9255568
245 _aUpayogi hindi nibhandh
_bउपयोगी हिंदी निबंध
260 _aKanpur
_bVidya Prakashan
_c2008
300 _a112
650 _aUpayogi
_9255569
650 _anibhandh
_9255570
650 _ahindi
_9255571
690 _aHindi Prose
_9255572
906 _a063519
942 _2ddc
_cBK
999 _c136865
_d136865